Respect standard in housing management (Record no. 105770)

MARC details
000 -LEADER
fixed length control field 01353cam a2200205 4500
001 - CONTROL NUMBER
control field ##L134678
008 - FIXED-LENGTH DATA ELEMENTS--GENERAL INFORMATION
fixed length control field 060824n2006 000 0 eng u
035 ## - SYSTEM CONTROL NUMBER
System control number (Sirsi) u134678
041 0# - LANGUAGE CODE
Language code of text/sound track or separate title eng
050 04 - LIBRARY OF CONGRESS CALL NUMBER
Classification number 306.76 $2 18
110 1# - MAIN ENTRY--CORPORATE NAME
Corporate name or jurisdiction name as entry element United Kingdom
Subordinate unit Department for Communities and Local Government
9 (RLIN) 4939
245 00 - TITLE STATEMENT
Title Respect standard in housing management
260 ## - PUBLICATION, DISTRIBUTION, ETC.
Place of publication, distribution, etc. London
Name of publisher, distributor, etc. DCLG
Date of publication, distribution, etc. 2006
520 ## - SUMMARY, ETC.
Summary, etc. Outlines the core components essential to delivering an effective response to anti-social behaviour and building stronger communities: accountability, leadership and commitment; empowering and reassuring residents; prevention and early intervention; tailored services for residents and provision of support for victims and witnesses; protecting communities through swift enforcement, and support to tackle the causes of anti-social behaviour. The suite of documents consists of a guide for landlords, a guide for the public and a practice note giving guidance on Good Neighbour Agreements.
590 ## - LOCAL NOTE (RLIN)
Local note IKA050906
651 #4 - SUBJECT ADDED ENTRY--GEOGRAPHIC NAME
Geographic name England
Chronological subdivision 886-
690 ## - LOCAL SUBJECT ADDED ENTRY--TOPICAL TERM (OCLC, RLIN)
Topical term or geographic name as entry element PROPERTY-RESIDENTIAL PROPERTY-RESIDENTIAL PROPERTY MANAGEMENT
856 40 - ELECTRONIC LOCATION AND ACCESS
Uniform Resource Identifier <a href="https://webarchive.nationalarchives.gov.uk/20070807103921/http://www.communities.gov.uk/index.asp?id=1502167">https://webarchive.nationalarchives.gov.uk/20070807103921/http://www.communities.gov.uk/index.asp?id=1502167</a>
Public note View the documents free of charge at http://webarchive.nationalarchives.gov.uk/
942 ## - ADDED ENTRY ELEMENTS (KOHA)
Suppress in OPAC 0
Holdings
Withdrawn status Lost status Source of classification or shelving scheme Damaged status Not for loan Home library Current library Shelving location Date acquired Total Checkouts Full call number Barcode Date last seen Copy number Price effective from Koha item type
    Dewey Decimal Classification     Virtual Virtual Online 24/08/2006   ONLINE PUBLICATION 134678-2001 06/08/2019 1 06/08/2019 Book